00521nam a2200145Ia 4500082001200000100002100012245008500033260003000118300002100148650004700169650003400216650004300250650006500293710001700358 aTP.0024 aParicharak, M.P. 0aManagement thesaurus with special context to management training schools in Asia c1987bGulbarga University a420p. + C D - 46 aMANAGEMENT///SUBJECT HEADINGS - MANAGEMENT aSUBJECT HEADINGS - MANAGEMENT aMANAGEMENT - STUDY AND TEACHING - ASIA aMANAGEMENT - SUBJECT HEADINGS//SUBJECT HEADINGS - MANAGEMENT aGunjal, S.R.